MARC

LEADER 00000nam0a2200000 4500
001 339884
005 20231102005202.0
035 |a (RuTPU)RU\TPU\book\366428 
035 |a RU\TPU\book\357856 
090 |a 339884 
100 |a 20180201d1971 km y0rusy50 ca 
101 0 |a rus 
102 |a RU 
105 |a a z 001zy 
200 1 |a Глубинные насосы для водопонижения и водоснабжения  |f Д. М. Хохловкин 
205 |a 4-е изд., перераб. и доп. 
210 |a Москва  |c Недра  |d 1971 
215 |a 264 с.  |c ил. 
320 |a Библиогр.: с. 263-264 
606 1 |a Насосы глубинные  |2 stltpush  |3 (RuTPU)RU\TPU\subj\44974  |9 64242 
610 1 |a электрооборудование 
610 1 |a центробежные насосы 
610 1 |a автоматизация 
610 1 |a скважины 
610 1 |a прокачка 
610 1 |a водопонижающие установки 
610 1 |a иглофильтровые установки 
610 1 |a монтаж 
610 1 |a ремонт 
675 |a 628.12  |v 4 
700 1 |a Хохловкин  |b Д. М.  |g Давид Михайлович 
801 1 |a RU  |b 63413507  |c 20170512 
801 2 |a RU  |b 63413507  |c 20220512  |g RCR 
942 |c BK